Corpvs praefationvm: 2: Apparatvs (A - P) = Corpus praefationum = Apparatus (A - P)

Saved in:  
Bibliographic Details
Subtitles:Apparatus (A - P)
Corpus praefationum
Contributors: Moeller, Edmond Eugène (Editor)
Format: Print Book
Language:Undetermined language
Subito Delivery Service: Order now.
Check availability: HBZ Gateway
Interlibrary Loan:Interlibrary Loan for the Fachinformationsdienste (Specialized Information Services in Germany)
Published: Turnholti Brepols 1980
In:Year: 1980
Series/Journal:Corpus Christianorum Series Latina 161 B

MARC

LEADER 00000nam a22000002c 4500
001 194668077X
003 DE-627
005 20251218170433.0
007 tu
008 251218s1980 xx ||||| 00| ||und c
035 |a (DE-627)194668077X 
035 |a (DE-599)KXP194668077X 
040 |a DE-627  |b ger  |c DE-627  |e rakwb 
041 |a und 
084 |a 1  |2 ssgn 
245 0 0 |a Corpvs praefationvm  |b 2: Apparatvs (A - P) = Corpus praefationum = Apparatus (A - P)  |c cura et studio Edmond (Eugène) Moeller 
246 3 1 |a Corpus praefationum 
246 3 1 |a Apparatus (A - P) 
264 1 |a Turnholti  |b Brepols  |c 1980 
300 |a 367 S. + Beil. 
336 |a Text  |b txt  |2 rdacontent 
337 |a ohne Hilfsmittel zu benutzen  |b n  |2 rdamedia 
338 |a Band  |b nc  |2 rdacarrier 
490 0 |a Corpus Christianorum  |a Series Latina  |v 161 B 
700 1 |a Moeller, Edmond Eugène  |e HerausgeberIn  |4 edt 
935 |a mteo 
951 |a BO 
ELC |b 1 
LOK |0 000 xxxxxcx a22 zn 4500 
LOK |0 001 483044391X 
LOK |0 003 DE-627 
LOK |0 004 194668077X 
LOK |0 005 20251218170433 
LOK |0 008 251218||||||||||||||||ger||||||| 
LOK |0 035   |a (DE-4020)wubadaa538792 
LOK |0 040   |a DE-4020  |c DE-627  |d DE-4020 
LOK |0 092   |o n 
LOK |0 852   |a DE-4020 
LOK |0 852 1  |c S 740/161 B  |m p  |9 00 
LOK |0 935   |a bami 
LOK |0 938   |k p 
LOK |0 939   |a 18-12-25  |b l01 
ORI |a SA-MARC-ixtheoa001.raw